000
00209nam a2200085Ia 4500
008
120527s9999 xx 000 0 und d
100
_a
HUTCHINSON,E.S.
245
_a
System 7.0/7.1 for the macintosh.
942
_c
BK
999
_c
23981
_d
23981